000 00583nam a2200181Ia 4500
003 GCL
008 140319s9999 xx 000 0 ara d
040 _aGCL /
_cGCL
082 0 4 _a940.2
_bز ت
100 1 _aزينب عصمت راشد
245 1 0 _aتاريخ اوربا الحديث من القرن السادس عشر الى نهاية القرن الثامن عشر /
_cزينب عصمت راشد
260 _a[S.N] :
_bدار الفكر العربى
490 _a
650 0 4 _aالعصر الحديث
650 0 4 _aتاريخ
650 0 4 _aاوربا
942 _2ddc
_cBK
999 _c31475
_d31475